LIBRARY & INFORMATION CENTRE, KCAET, TAVANUR

ONLINE PUBLIC ACCESS CATALOGUE (OPAC)

Participatory Irrigation managenment / (Record no. 13076)

MARC details
000 -LEADER
fixed length control field 00516cam a2200205ua 4500
041 ## - LANGUAGE CODE
Language code of text/sound track or separate title eng
082 ## - DEWEY DECIMAL CLASSIFICATION NUMBER
Classification number 631.587
Item number GAU/PA
100 ## - MAIN ENTRY--AUTHOR NAME
Personal name Gowtham, v.s .
245 ## - TITLE STATEMENT
Title Participatory Irrigation managenment /
260 ## - PUBLICATION, DISTRIBUTION, ETC. (IMPRINT)
Place of publication Udaipur :
Name of publisher ATTPA ,
Year of publication 2008.
300 ## - PHYSICAL DESCRIPTION
Number of Pages 248 ;
Accompanying material `.
700 1# - ADDED ENTRY--PERSONAL NAME
Personal name kumar Abhay, .
700 1# - ADDED ENTRY--PERSONAL NAME
Personal name Singh, A.K .
700 1# - ADDED ENTRY--PERSONAL NAME
Personal name Sukla, A.k .
942 ## - ADDED ENTRY ELEMENTS (KOHA)
Koha item type Books
Holdings
Withdrawn status Lost status Damaged status Home library Current library Date acquired Full call number Accession Number Koha item type
      KAUAET KAUAET 07/04/2012 631.587 21620 Books
free website counter